<?xml version="1.0" encoding="UTF-8"?>
<record
    xmlns:xsi="http://www.w3.org/2001/XMLSchema-instance"
    xsi:schemaLocation="http://www.loc.gov/MARC21/slim http://www.loc.gov/standards/marcxml/schema/MARC21slim.xsd"
    xmlns="http://www.loc.gov/MARC21/slim">

  <leader>02442cam a22004097a 4500</leader>
  <controlfield tag="001">19485715</controlfield>
  <controlfield tag="003">OSt</controlfield>
  <controlfield tag="005">20240826165229.0</controlfield>
  <controlfield tag="008">170208s2013    moua     bp   001 0 eng d</controlfield>
  <datafield tag="020" ind1=" " ind2=" ">
    <subfield code="a">9780323374781</subfield>
  </datafield>
  <datafield tag="040" ind1=" " ind2=" ">
    <subfield code="c">LC</subfield>
  </datafield>
  <datafield tag="050" ind1="0" ind2="0">
    <subfield code="a">RM172.B54 (4e)</subfield>
  </datafield>
  <datafield tag="100" ind1="1" ind2=" ">
    <subfield code="a">Howard, Paula .</subfield>
    <subfield code="9">3175</subfield>
  </datafield>
  <datafield tag="245" ind1="1" ind2="0">
    <subfield code="a">Basic &amp; applied concepts of blood banking and transfusion practices /</subfield>
    <subfield code="c">.</subfield>
  </datafield>
  <datafield tag="250" ind1=" " ind2=" ">
    <subfield code="a">4th ed.</subfield>
  </datafield>
  <datafield tag="260" ind1=" " ind2=" ">
    <subfield code="a">St. Louis, Mossouri :</subfield>
    <subfield code="b">Elsevier,</subfield>
    <subfield code="c">[2017].</subfield>
  </datafield>
  <datafield tag="300" ind1=" " ind2=" ">
    <subfield code="a">x, 406 p. :</subfield>
    <subfield code="b">ill.</subfield>
  </datafield>
  <datafield tag="500" ind1=" " ind2=" ">
    <subfield code="a">Contents : Includes bibliographical references and index.</subfield>
  </datafield>
  <datafield tag="505" ind1=" " ind2=" ">
    <subfield code="a">Contents : Quality and safety issues -- Quality assurance and regulation of the blood industry and safety issues in the blood bank -- Foundations : Basic sciences and reagents -- Immunology: basic principles and applications in the blood bank -- Blood banking reagents: overview and applicants -- Genetic principles in blood banking -- Overview of the major blood groups -- ABO and H blood group systems and secretor status -- Rh blood group systems -- Other red blood cell group systems, human leukocyte antigens, and platelet antigens -- Essentials of pretransfusion testing -- Compatibility testing, history of blood transfusion -- Blood bank automation for transfusin services -- Clinical considerations in immunohematology -- Adverse complications of transfusions -- Hemolytic disease of the fetus and newborn -- Blood collection and testing -- Donor selection and phlebotomy -- Testing of donor blood -- Blood component preparation and transfusion therapy -- Transfusion therapy in selected patients -- Transfusion practices --</subfield>
  </datafield>
  <datafield tag="600" ind1=" " ind2=" ">
    <subfield code="v">Basic and applied concepts of immunohematology,</subfield>
    <subfield code="9">3176</subfield>
  </datafield>
  <datafield tag="650" ind1=" " ind2="0">
    <subfield code="a">Blood banks.</subfield>
    <subfield code="9">3177</subfield>
  </datafield>
  <datafield tag="650" ind1=" " ind2="0">
    <subfield code="a">Blood</subfield>
    <subfield code="x">Transfusion.</subfield>
    <subfield code="9">3178</subfield>
  </datafield>
  <datafield tag="650" ind1=" " ind2="0">
    <subfield code="a">Immunohematology.</subfield>
    <subfield code="9">3179</subfield>
  </datafield>
  <datafield tag="650" ind1="1" ind2="2">
    <subfield code="a">Blood Transfusion</subfield>
    <subfield code="x">methods.</subfield>
    <subfield code="9">3180</subfield>
  </datafield>
  <datafield tag="650" ind1="2" ind2="2">
    <subfield code="a">Blood Banks.</subfield>
    <subfield code="9">3181</subfield>
  </datafield>
  <datafield tag="650" ind1="2" ind2="2">
    <subfield code="a">Blood Group Antigens</subfield>
    <subfield code="x">immunology.</subfield>
    <subfield code="9">3182</subfield>
  </datafield>
  <datafield tag="650" ind1="2" ind2="2">
    <subfield code="a">Blood Grouping and Crossmatching</subfield>
    <subfield code="x">methods.</subfield>
    <subfield code="9">3183</subfield>
  </datafield>
  <datafield tag="650" ind1="2" ind2="2">
    <subfield code="a">Hematologic Diseases</subfield>
    <subfield code="x">immunology.</subfield>
    <subfield code="9">3184</subfield>
  </datafield>
  <datafield tag="650" ind1="2" ind2="2">
    <subfield code="a">Hematologic Tests</subfield>
    <subfield code="x">methods.</subfield>
    <subfield code="9">3185</subfield>
  </datafield>
  <datafield tag="650" ind1=" " ind2="7">
    <subfield code="a">Blood banks.</subfield>
    <subfield code="2">fast</subfield>
    <subfield code="0">(OCoLC)fst00834652</subfield>
    <subfield code="9">3177</subfield>
  </datafield>
  <datafield tag="650" ind1=" " ind2="7">
    <subfield code="a">Blood</subfield>
    <subfield code="x">Transfusion.</subfield>
    <subfield code="2">fast</subfield>
    <subfield code="0">(OCoLC)fst00834613</subfield>
    <subfield code="9">3178</subfield>
  </datafield>
  <datafield tag="650" ind1=" " ind2="7">
    <subfield code="a">Immunohematology.</subfield>
    <subfield code="2">fast</subfield>
    <subfield code="0">(OCoLC)fst00967970</subfield>
    <subfield code="9">3179</subfield>
  </datafield>
  <datafield tag="655" ind1=" " ind2="2">
    <subfield code="a">Programmed Instruction.</subfield>
    <subfield code="9">3186</subfield>
  </datafield>
  <datafield tag="700" ind1="1" ind2=" ">
    <subfield code="a"> Paula R. Howard</subfield>
    <subfield code="9">3187</subfield>
  </datafield>
  <datafield tag="906" ind1=" " ind2=" ">
    <subfield code="f">2</subfield>
  </datafield>
  <datafield tag="942" ind1=" " ind2=" ">
    <subfield code="2">lcc</subfield>
    <subfield code="c">BK</subfield>
  </datafield>
  <datafield tag="999" ind1=" " ind2=" ">
    <subfield code="c">10436</subfield>
    <subfield code="d">17936</subfield>
  </datafield>
  <datafield tag="952" ind1=" " ind2=" ">
    <subfield code="0">0</subfield>
    <subfield code="1">0</subfield>
    <subfield code="2">lcc</subfield>
    <subfield code="4">0</subfield>
    <subfield code="7">0</subfield>
    <subfield code="a">WIUC-KL</subfield>
    <subfield code="b">WIUC-KL</subfield>
    <subfield code="c">NURS L.</subfield>
    <subfield code="d">2024-08-24</subfield>
    <subfield code="l">0</subfield>
    <subfield code="o">RM172.B54 (4e)</subfield>
    <subfield code="p">KSN/1464/205/24</subfield>
    <subfield code="r">2024-08-26 00:00:00</subfield>
    <subfield code="t">1</subfield>
    <subfield code="w">2024-08-26</subfield>
    <subfield code="y">BK</subfield>
  </datafield>
  <datafield tag="952" ind1=" " ind2=" ">
    <subfield code="0">0</subfield>
    <subfield code="1">0</subfield>
    <subfield code="2">lcc</subfield>
    <subfield code="4">0</subfield>
    <subfield code="7">0</subfield>
    <subfield code="a">WIUC-KL</subfield>
    <subfield code="b">WIUC-KL</subfield>
    <subfield code="c">NURS L.</subfield>
    <subfield code="d">2024-08-24</subfield>
    <subfield code="l">0</subfield>
    <subfield code="o">RM172.B541 (4e)</subfield>
    <subfield code="p">KSN/1465/206/24</subfield>
    <subfield code="r">2024-08-26 00:00:00</subfield>
    <subfield code="t">2</subfield>
    <subfield code="w">2024-08-26</subfield>
    <subfield code="y">BK</subfield>
  </datafield>
  <datafield tag="952" ind1=" " ind2=" ">
    <subfield code="0">0</subfield>
    <subfield code="1">0</subfield>
    <subfield code="2">lcc</subfield>
    <subfield code="4">0</subfield>
    <subfield code="7">0</subfield>
    <subfield code="a">WIUC-KL</subfield>
    <subfield code="b">WIUC-KL</subfield>
    <subfield code="c">NURS L.</subfield>
    <subfield code="d">2024-08-24</subfield>
    <subfield code="l">0</subfield>
    <subfield code="o">RM172.B542 (4e)</subfield>
    <subfield code="p">KSN/1466/207/24</subfield>
    <subfield code="r">2024-08-26 00:00:00</subfield>
    <subfield code="t">3</subfield>
    <subfield code="w">2024-08-26</subfield>
    <subfield code="y">BK</subfield>
  </datafield>
  <datafield tag="952" ind1=" " ind2=" ">
    <subfield code="0">0</subfield>
    <subfield code="1">0</subfield>
    <subfield code="2">lcc</subfield>
    <subfield code="4">0</subfield>
    <subfield code="7">0</subfield>
    <subfield code="a">WIUC-KL</subfield>
    <subfield code="b">WIUC-KL</subfield>
    <subfield code="c">NURS L.</subfield>
    <subfield code="d">2024-08-24</subfield>
    <subfield code="l">0</subfield>
    <subfield code="o">RM172.B543 (4e)</subfield>
    <subfield code="p">KSN/1467/208/24</subfield>
    <subfield code="r">2024-08-26 00:00:00</subfield>
    <subfield code="t">4</subfield>
    <subfield code="w">2024-08-26</subfield>
    <subfield code="y">BK</subfield>
  </datafield>
  <datafield tag="952" ind1=" " ind2=" ">
    <subfield code="0">0</subfield>
    <subfield code="1">0</subfield>
    <subfield code="2">lcc</subfield>
    <subfield code="4">0</subfield>
    <subfield code="7">0</subfield>
    <subfield code="a">WIUC-KL</subfield>
    <subfield code="b">WIUC-KL</subfield>
    <subfield code="c">NURS L.</subfield>
    <subfield code="d">2024-08-24</subfield>
    <subfield code="l">0</subfield>
    <subfield code="o">RM172.B544 (4e)</subfield>
    <subfield code="p">KSN/1468/209/24</subfield>
    <subfield code="r">2024-08-26 00:00:00</subfield>
    <subfield code="t">5</subfield>
    <subfield code="w">2024-08-26</subfield>
    <subfield code="y">BK</subfield>
  </datafield>
  <datafield tag="952" ind1=" " ind2=" ">
    <subfield code="0">0</subfield>
    <subfield code="1">0</subfield>
    <subfield code="2">lcc</subfield>
    <subfield code="4">0</subfield>
    <subfield code="7">0</subfield>
    <subfield code="a">WIUC-KL</subfield>
    <subfield code="b">WIUC-KL</subfield>
    <subfield code="c">NURS L.</subfield>
    <subfield code="d">2024-08-24</subfield>
    <subfield code="l">0</subfield>
    <subfield code="o">RM172.B545 (4e)</subfield>
    <subfield code="p">KSN/1469/210/24</subfield>
    <subfield code="r">2024-08-26 00:00:00</subfield>
    <subfield code="t">6</subfield>
    <subfield code="w">2024-08-26</subfield>
    <subfield code="y">BK</subfield>
  </datafield>
</record>
